| 000 | 00334nam a2200109Ia 4500 | ||
|---|---|---|---|
| 008 | 200302s9999 xx 000 0 und d | ||
| 100 | _aKelly Knauer | ||
| 245 | _aTime Great Places of History Civilization's 100 Most Important Sites: an Illustrated Journey | ||
| 260 | _bTime Home Entertainment Inc. | ||
| 260 | _c2011 | ||
| 300 | _a154 P., | ||
| 999 |
_c3833 _d3833 |
||